[Event "Niedersachsen-ch"]
[Site "Verden an der Aller"]
[Date "2020.01.04"]
[Round "6"]
[White "Hoellmann, Ludger"]
[Black "Webner, Dennis"]
[Result "1/2-1/2"]
[WhiteElo "2059"]
[BlackElo "2113"]
[PlyCount "50"]
[EventDate "2020.01.02"]
[EventType "swiss"]
[EventRounds "7"]
[EventCountry "GER"]
[SourceTitle "EXT 2021"]
[Source "ChessBase"]
[SourceDate "2020.10.23"]
[SourceVersion "1"]
[SourceVersionDate "2020.10.23"]
[SourceQuality "1"]

1. Nf3 d6 2. d4 Bg4 3. c4 Nf6 4. Qb3 Qc8 5. h3 Bxf3 6. Qxf3 Nc6 7. e3 e5 8. d5 e4 9. Qf4 Nb4 10. Kd1 Qd7 11. Nc3 Qe7 12. a3 Na6 13. b4 0-0-0 14. Bb2 Nb8 15. Kc2 Nbd7 16. Be2 h6 17. h4 Kb8 18. Kb3 Qe5 19. Rad1 Re8 20. Rde1 Rg8 21. Bd1 g5 22. hxg5 hxg5 23. Qxe5 Nxe5 24. Bc2 Neg4 25. Nd1 Bg7 1/2-1/2

[Event "Niedersachsen-ch op-A"]
[Site "Verden an der Aller"]
[Date "2020.01.02"]
[Round "1"]
[White "Webner, Dennis"]
[Black "Hesse, Juergen"]
[Result "1-0"]
[WhiteElo "2113"]
[BlackElo "1882"]
[PlyCount "111"]
[EventDate "2020.01.02"]
[EventType "swiss"]
[EventRounds "7"]
[EventCountry "GER"]
[SourceTitle "EXT 2023"]
[Source "ChessBase"]
[SourceDate "2022.10.05"]
[SourceVersion "1"]
[SourceVersionDate "2022.10.05"]
[SourceQuality "1"]

1. d4 Nf6 2. Bf4 g6 3. Nc3 Bg7 4. e4 d6 5. Qd2 Nc6 6. 0-0-0 Nh5 7. Be3 e5 8. d5 Ne7 9. Be2 Nf6 10. f3 h5 11. h4 Neg8 12. Bb5+ Bd7 13. Nh3 c6 14. dxc6 bxc6 15. Ba4 Bf8 16. Ng5 Nh6 17. Bb3 Qc7 18. Qd3 a5 19. Qc4 Rb8 20. a3 Bc8 21. Rd2 Qb7 22. Rhd1 Qa6 23. Na4 Qxc4 24. Bxc4 Bb7 25. Bb6 d5 26. exd5 Nxd5 27. Bxd5 cxd5 28. Bc7 Rc8 29. Bxe5 Rg8 30. Nb6 Nf5 31. Nxc8 Bxc8 32. Rxd5 Be7 33. Re1 Nxh4 34. Bf6 Be6 35. Nxe6 Bxf6 36. Nf4+ Kf8 37. Rxa5 Kg7 38. Re4 Rb8 39. c3 Rb7 40. Kc2 Kh6 41. Nd5 Bd8 42. Ra8 Rd7 43. Ne3 Bb6 44. Nc4 Bf2 45. Ne5 Rc7 46. g4 f5 47. Re2 Bg3 48. gxh5 Kxh5 49. Rh8+ Kg5 50. Rxh4 Kxh4 51. Nxg6+ Kg5 52. Ne7 Rd7 53. Nc6 Kf4 54. Nd4 Bh4 55. Rd2 Rb7 56. Rd3 1-0

[Event "Niedersachsen-ch op A"]
[Site "Verden"]
[Date "2019.01.06"]
[Round "7"]
[White "Hagemann, Sven"]
[Black "Webner, Dennis"]
[Result "1/2-1/2"]
[WhiteElo "1954"]
[BlackElo "2105"]
[PlyCount "84"]
[EventDate "2019.01.03"]
[EventType "swiss"]
[EventRounds "7"]
[EventCountry "GER"]
[SourceTitle "EXT 2022"]
[Source "ChessBase"]
[SourceDate "2021.10.06"]
[SourceVersion "1"]
[SourceVersionDate "2021.10.06"]
[SourceQuality "1"]

1. e4 d5 2. Nc3 Nf6 3. e5 Nfd7 4. d4 c5 5. f4 cxd4 6. Qxd4 e6 7. Be3 Nc6 8. Qd2 Bb4 9. a3 Qa5 10. Nge2 f6 11. exf6 Nxf6 12. Ra2 Be7 13. Nd4 0-0 14. Be2 Bd7 15. 0-0 Nxd4 16. Bxd4 Bc5 17. Raa1 Qb6 18. Rad1 Rac8 19. Bxc5 Qxc5+ 20. Qd4 a6 21. Qxc5 Rxc5 22. Rd4 g6 23. g3 Ne8 24. Re1 Nd6 25. Bd3 Kf7 26. Re2 Rfc8 27. Kf2 b5 28. Nb1 R5c7 29. Nd2 Kf6 30. Nf3 Nc4 31. Bxc4 Rxc4 32. c3 a5 33. Red2 Be8 34. Ne5 R4c7 35. h4 Rb7 36. g4 Rcb8 37. Nd3 Rc7 38. Ke3 Rc4 39. Ne5 Rc7 40. Nd3 Rc4 41. Ne5 Rc7 42. Nd3 Rc4 1/2-1/2

[Event "Niedersachsen-ch op A"]
[Site "Verden"]
[Date "2019.01.05"]
[Round "6"]
[White "Webner, Dennis"]
[Black "Herlan, Klaus Juergen"]
[Result "1/2-1/2"]
[WhiteElo "2105"]
[BlackElo "1972"]
[PlyCount "58"]
[EventDate "2019.01.03"]
[EventType "swiss"]
[EventRounds "7"]
[EventCountry "GER"]
[SourceTitle "EXT 2022"]
[Source "ChessBase"]
[SourceDate "2021.10.06"]
[SourceVersion "1"]
[SourceVersionDate "2021.10.06"]
[SourceQuality "1"]

1. d4 d5 2. Bf4 c5 3. e3 Nc6 4. c3 Qb6 5. b3 Nf6 6. Bd3 Bg4 7. Nf3 Nh5 8. Bg5 h6 9. Bh4 g5 10. h3 Be6 11. dxc5 Qxc5 12. Nd4 Nxd4 13. exd4 Qb6 14. Qxh5 gxh4 15. Qxh4 Bg7 16. 0-0 Bf6 17. Qf4 Bg5 18. Qe5 Bf6 19. Qf4 Bg5 20. Qe5 Bf6 21. Qe2 0-0-0 22. Nd2 Rhg8 23. Kh1 Rg7 24. Nf3 Rdg8 25. Rg1 Kd8 26. Ne5 Qc7 27. Rac1 Bg5 28. Rc2 Bf4 29. Qh5 Bxe5 1/2-1/2

[Event "Niedersachsen-ch op A"]
[Site "Verden"]
[Date "2019.01.03"]
[Round "1"]
[White "Helmer, Jan"]
[Black "Webner, Dennis"]
[Result "0-1"]
[WhiteElo "1850"]
[BlackElo "2105"]
[PlyCount "72"]
[EventDate "2019.01.03"]
[EventType "swiss"]
[EventRounds "7"]
[EventCountry "GER"]
[SourceTitle "EXT 2022"]
[Source "ChessBase"]
[SourceDate "2021.10.06"]
[SourceVersion "1"]
[SourceVersionDate "2021.10.06"]
[SourceQuality "1"]

1. d4 d5 2. c4 e6 3. Nc3 c6 4. Nf3 dxc4 5. a4 Bb4 6. e4 Nf6 7. Qc2 b5 8. Bg5 h6 9. Bh4 Bb7 10. Be2 Nbd7 11. 0-0 Qb6 12. Rfe1 a6 13. Rad1 c5 14. d5 exd5 15. exd5 0-0 16. d6 Rfe8 17. Bxf6 Nxf6 18. d7 Re7 19. Qf5 Rd8 20. Ne5 Bxc3 21. bxc3 Qe6 22. Qxe6 Rxe6 23. f4 Kf8 24. axb5 axb5 25. Bf3 Bxf3 26. gxf3 Kg8 27. f5 Re7 28. Re2 Nxd7 29. Kf1 Rde8 30. Rxd7 Rxe5 31. Rxe5 Rxe5 32. Rd8+ Kh7 33. f6 g5 34. Kf2 b4 35. cxb4 cxb4 36. Rc8 c3 0-1

[Event "Niedersachsen-ch op-B"]
[Site "Verden"]
[Date "2017.01.07"]
[Round "6"]
[White "Webner, Dennis"]
[Black "Moenster, Madita"]
[Result "1-0"]
[WhiteElo "2067"]
[BlackElo "1766"]
[PlyCount "67"]
[EventDate "2017.01.05"]
[EventType "swiss"]
[EventRounds "7"]
[EventCountry "GER"]
[SourceTitle "CBM 187 Extra"]
[Source "ChessBase"]
[SourceDate "2018.11.04"]
[SourceVersion "1"]
[SourceVersionDate "2018.11.04"]
[SourceQuality "1"]

1. d4 Nf6 2. Bf4 d5 3. e3 c5 4. c3 e6 5. Nd2 Nc6 6. Bd3 Be7 7. h3 0-0 8. Ngf3 b6 9. 0-0 cxd4 10. exd4 Bb7 11. Re1 Qc8 12. Ne5 Nd7 13. Ndf3 Ndxe5 14. dxe5 Ba6 15. Bc2 b5 16. Ng5 h6 17. Nh7 Rd8 18. Qh5 Nd4 19. Bxh6 Nxc2 20. Qg4 g6 21. Nf6+ Bxf6 22. exf6 e5 23. Qh4 Qf5 24. Bg5 Rd6 25. g4 Qf3 26. Rxe5 d4 27. Rf5 Qc6 28. Qh6 Rxf6 29. Bxf6 Qxf6 30. Rxf6 Nxa1 31. Rxa6 Nc2 32. Qd2 d3 33. Qxd3 Ne1 34. Qe4 1-0

[Event "Niedersachsen-ch op-B"]
[Site "Verden"]
[Date "2017.01.06"]
[Round "3"]
[White "Nielsen, Lars"]
[Black "Webner, Dennis"]
[Result "1/2-1/2"]
[WhiteElo "2038"]
[BlackElo "2067"]
[PlyCount "29"]
[EventDate "2017.01.05"]
[EventType "swiss"]
[EventRounds "7"]
[EventCountry "GER"]
[SourceTitle "CBM 187 Extra"]
[Source "ChessBase"]
[SourceDate "2018.11.04"]
[SourceVersion "1"]
[SourceVersionDate "2018.11.04"]
[SourceQuality "1"]

1. Nc3 d5 2. d4 Bf5 3. Nf3 e6 4. g3 Nf6 5. Bg2 Be7 6. 0-0 Nbd7 7. Nh4 Bg4 8. f3 Bh5 9. Bh3 c5 10. e3 Ne4 11. Ng2 cxd4 12. exd4 Nxc3 13. bxc3 Rc8 14. Nf4 Bg6 15. Qe2 1/2-1/2

[Event "Pardubice op-J"]
[Site "Pardubice"]
[Date "2013.07.14"]
[Round "4"]
[White "Kazakov, Konstantin"]
[Black "Webner, Dennis"]
[Result "1/2-1/2"]
[WhiteElo "2307"]
[BlackElo "2057"]
[PlyCount "130"]
[EventDate "2013.07.12"]
[EventType "swiss"]
[EventRounds "9"]
[EventCountry "CZE"]
[SourceTitle "EXT 2014"]
[Source "ChessBase"]
[SourceDate "2013.11.20"]
[SourceVersion "1"]
[SourceVersionDate "2013.11.20"]
[SourceQuality "1"]

1. e4 e6 2. d4 d5 3. Nc3 Bb4 4. e5 Ne7 5. Bd2 c5 6. Nb5 Bxd2+ 7. Qxd2 cxd4 8. Nd6+ Kf8 9. f4 Nbc6 10. Nf3 Qa5 11. Qxa5 Nxa5 12. Nxd4 Bd7 13. Bd3 Nc8 14. N6b5 a6 15. Nc3 Nb6 16. b3 Rc8 17. Nce2 Nc6 18. Kd2 Nb4 19. Rhf1 Nxd3 20. cxd3 Ke7 21. f5 exf5 22. Nxf5+ Bxf5 23. Rxf5 Nd7 24. Raf1 Rhf8 25. d4 g6 26. R5f3 f6 27. exf6+ Rxf6 28. Nc3 Rxf3 29. Rxf3 Nf6 30. Kd3 Rc6 31. h3 Re6 32. g4 Kd6 33. Rf4 h6 34. h4 b5 35. g5 hxg5 36. hxg5 Nh5 37. Rf8 Ke7 38. Rf3 Rd6 39. b4 Ng7 40. Re3+ Kd7 41. Re5 Kc6 42. Ne2 Ne6 43. Ke3 Kd7 44. a3 Kc6 45. Nc1 Ng7 46. Nb3 Re6 47. Kd3 Kd6 48. Rxe6+ Nxe6 49. Nc5 Nxg5 50. Nxa6 Nf7 51. Nc5 Kc6 52. a4 bxa4 53. Nxa4 Kb5 54. Nc3+ Kxb4 55. Nxd5+ Kb5 56. Ne7 g5 57. Ke4 Kc4 58. Nf5 Nd8 59. Ne3+ Kb5 60. Ng4 Kc6 61. Ke5 Kd7 62. Nf6+ Ke7 63. d5 Nf7+ 64. Kf5 Kd6 65. Kg6 Ne5+ 1/2-1/2

[Event "Maastricht Limburg op-B 7th"]
[Site "Maastricht"]
[Date "2013.05.19"]
[Round "5"]
[White "Broekhuis, Jan"]
[Black "Webner, Dennis"]
[Result "1/2-1/2"]
[WhiteElo "1824"]
[BlackElo "2042"]
[PlyCount "45"]
[EventDate "2013.05.17"]
[EventType "swiss"]
[EventRounds "7"]
[EventCountry "NED"]
[SourceTitle "EXT 2014"]
[Source "ChessBase"]
[SourceDate "2013.11.20"]
[SourceVersion "1"]
[SourceVersionDate "2013.11.20"]
[SourceQuality "1"]

1. e4 e6 2. d4 d5 3. Nd2 Nc6 4. c3 e5 5. exd5 Qxd5 6. dxe5 Nxe5 7. Ngf3 Bg4 8. Qe2 Bd6 9. Qb5+ Qxb5 10. Bxb5+ c6 11. Nxe5 Bxe5 12. Bc4 Nf6 13. 0-0 0-0 14. h3 Bf5 15. Nf3 Bc7 16. Bg5 Ne4 17. Be3 Rfe8 18. Rad1 Nd6 19. Bb3 a5 20. a4 Ne4 21. Rfe1 Rad8 22. Rxd8 Bxd8 23. Rd1 1/2-1/2

[Event "Bremen-ch op"]
[Site "Bremen"]
[Date "2012.04.01"]
[Round "2"]
[White "Steffens, Olaf"]
[Black "Webner, Dennis"]
[Result "1-0"]
[WhiteElo "2261"]
[BlackElo "2031"]
[PlyCount "57"]
[EventDate "2012.03.31"]
[EventType "swiss"]
[EventRounds "9"]
[EventCountry "GER"]
[SourceTitle "EXT 2022"]
[Source "ChessBase"]
[SourceDate "2021.10.06"]
[SourceVersion "1"]
[SourceVersionDate "2021.10.06"]
[SourceQuality "1"]

1. b4 d5 2. Bb2 Nf6 3. Nf3 e6 4. a3 c5 5. bxc5 Bxc5 6. e3 Nc6 7. d4 Bd6 8. c4 Bd7 9. Nc3 Rc8 10. c5 Bc7 11. Be2 b6 12. cxb6 Bxb6 13. 0-0 0-0 14. a4 Ba5 15. Nb5 Ne4 16. Ba3 Nb4 17. Qb3 Bxb5 18. axb5 Nc2 19. Bxf8 Nxa1 20. Rxa1 Bc3 21. Rxa7 Qxf8 22. b6 Bb4 23. b7 Rc1+ 24. Bf1 Bd6 25. Ra8 Bb8 26. Qa3 Qxa3 27. Rxb8+ Qf8 28. Rxf8+ Kxf8 29. b8Q+ 1-0

[Event "Niedersachsen-ch op-B"]
[Site "Verden"]
[Date "2012.01.03"]
[Round "3"]
[White "Webner, Dennis"]
[Black "Schmidt, Dennis"]
[Result "1/2-1/2"]
[WhiteElo "2031"]
[BlackElo "2078"]
[PlyCount "36"]
[EventDate "2012.01.02"]
[EventType "swiss"]
[EventRounds "7"]
[EventCountry "GER"]
[SourceTitle "EXT 2021"]
[Source "ChessBase"]
[SourceDate "2020.10.23"]
[SourceVersion "1"]
[SourceVersionDate "2020.10.23"]
[SourceQuality "1"]

1. e4 c5 2. d4 cxd4 3. c3 d3 4. Bxd3 d6 5. Nf3 Nf6 6. Bg5 Nbd7 7. 0-0 Qc7 8. c4 h6 9. Bf4 a6 10. Nc3 e6 11. Re1 g5 12. Bg3 Nh5 13. Rc1 Nxg3 14. hxg3 Bg7 15. b4 b6 16. Qe2 Bb7 17. Red1 0-0 18. Bb1 Rfd8 1/2-1/2

[Event "Niedersachsen-ch op-B"]
[Site "Verden"]
[Date "2012.01.02"]
[Round "2"]
[White "Balazs, Balint"]
[Black "Webner, Dennis"]
[Result "0-1"]
[WhiteElo "1670"]
[BlackElo "2031"]
[PlyCount "50"]
[EventDate "2012.01.02"]
[EventType "swiss"]
[EventRounds "7"]
[EventCountry "GER"]
[SourceTitle "EXT 2021"]
[Source "ChessBase"]
[SourceDate "2020.10.23"]
[SourceVersion "1"]
[SourceVersionDate "2020.10.23"]
[SourceQuality "1"]

1. e4 e6 2. d4 d5 3. exd5 exd5 4. Bd3 Bd6 5. Nc3 c6 6. Nge2 Qc7 7. Be3 Ne7 8. Qd2 Bf5 9. Nf4 Nd7 10. Nce2 Nf6 11. f3 g5 12. Bxf5 gxf4 13. Bxf4 Bxf4 14. Nxf4 Nxf5 15. 0-0-0 0-0-0 16. Rhe1 Rde8 17. Nd3 Nd7 18. Qg5 Nxd4 19. Qg7 f6 20. Qf7 Ne5 21. Qxf6 Rhf8 22. Qh4 Nxd3+ 23. Rxd3 Qf4+ 24. Qxf4 Rxe1+ 25. Kd2 Re2+ 0-1

[Event "Niedersachsen-ch op-B"]
[Site "Verden"]
[Date "2012.01.02"]
[Round "1"]
[White "Webner, Dennis"]
[Black "Gottlieb, Timo"]
[Result "1-0"]
[WhiteElo "2031"]
[BlackElo "1564"]
[PlyCount "65"]
[EventDate "2012.01.02"]
[EventType "swiss"]
[EventRounds "7"]
[EventCountry "GER"]
[SourceTitle "EXT 2021"]
[Source "ChessBase"]
[SourceDate "2020.10.23"]
[SourceVersion "1"]
[SourceVersionDate "2020.10.23"]
[SourceQuality "1"]

1. d4 d5 2. Nf3 Nf6 3. e3 e6 4. Bd3 c5 5. b3 Nc6 6. Bb2 Bd6 7. Nbd2 0-0 8. 0-0 Qc7 9. Re1 cxd4 10. exd4 Nb4 11. Ne5 Nxd3 12. cxd3 Bd7 13. g4 Bb5 14. Re3 Rac8 15. g5 Nd7 16. a4 Bxe5 17. dxe5 Qc2 18. Ba3 Bxd3 19. Bxf8 Nxf8 20. Nf3 Bf5 21. Qxc2 Rxc2 22. Nd4 Rd2 23. Nb5 a6 24. Nd6 b6 25. Rc1 d4 26. Ree1 Bg4 27. Nc4 Rd3 28. Nxb6 Rxb3 29. Rb1 Rc3 30. Rb4 d3 31. Rxg4 d2 32. Rf1 Rd3 33. Rd1 1-0

[Event "GER-chT Universities"]
[Site "Augsburg"]
[Date "2010.10.10"]
[Round "6.4"]
[White "Schaad, Simon Ulrich Maria"]
[Black "Webner, Dennis"]
[Result "1/2-1/2"]
[WhiteElo "1549"]
[BlackElo "1895"]
[PlyCount "40"]
[EventDate "2010.10.06"]
[EventType "team-swiss"]
[EventRounds "6"]
[EventCountry "GER"]
[SourceTitle "EXT 2016"]
[Source "ChessBase"]
[SourceDate "2015.10.08"]
[SourceVersion "1"]
[SourceVersionDate "2015.10.08"]
[SourceQuality "1"]
[WhiteTeam "Augsburg Uni II"]
[BlackTeam "Muenster Uni"]
[WhiteTeamCountry "GER"]
[BlackTeamCountry "GER"]

1. d4 d5 2. e4 c6 3. Nc3 dxe4 4. f3 e5 5. dxe5 Qxd1+ 6. Kxd1 exf3 7. Nxf3 Bg4 8. h3 Bh5 9. Bd3 Bb4 10. Ne4 Nd7 11. g4 Bg6 12. c3 Be7 13. Be3 0-0-0 14. Kc2 Bxe4 15. Bxe4 Bc5 16. Rhe1 h6 17. b4 Bxe3 18. Rxe3 Ne7 19. c4 Rhe8 20. Bf5 Kc7 1/2-1/2

[Event "Muensterland Verbandsliga 0910"]
[Site "Germany"]
[Date "2010.03.06"]
[Round "7.2"]
[White "Stanik, Hans"]
[Black "Webner, Dennis"]
[Result "1-0"]
[WhiteElo "2086"]
[BlackElo "1912"]
[PlyCount "70"]
[EventDate "2009.09.26"]
[EventType "team-tourn"]
[EventRounds "9"]
[EventCountry "GER"]
[SourceTitle "EXT 2011"]
[Source "ChessBase"]
[SourceDate "2010.11.26"]
[SourceVersion "1"]
[SourceVersionDate "2010.11.26"]
[SourceQuality "1"]
[WhiteTeam "Bocholt"]
[BlackTeam "Nienberge"]
[WhiteTeamCountry "GER"]
[BlackTeamCountry "GER"]

1. e4 d6 2. g3 g6 3. Bg2 e5 4. Nc3 Bg7 5. d3 c6 6. Be3 Be6 7. Nf3 Ne7 8. Qd2 Na6 9. Bh6 Bxh6 10. Qxh6 Qb6 11. Qd2 f6 12. 0-0 0-0-0 13. a3 h5 14. d4 Bg4 15. d5 g5 16. h3 Bxh3 17. Bxh3+ g4 18. Bxg4+ hxg4 19. Nh4 Rh7 20. Kg2 Qc7 21. Rh1 Rdh8 22. Rad1 c5 23. Nb5 Qb6 24. c4 Nc7 25. Nxc7 Qxc7 26. b4 Qd7 27. bxc5 dxc5 28. Qd3 Rh5 29. a4 Qd6 30. a5 Qd7 31. Qe3 Qd6 32. Rb1 b6 33. axb6 axb6 34. Qa3 Qb8 35. Qa6+ Kd7 1-0